| 000 | 00661nam a2200229 i 4500 | ||
|---|---|---|---|
| 001 | bg | ||
| 100 | 1 |
_aKIENZLER, Iwona _d(1956- ). |
|
| 245 | 1 | 3 |
_aLe français commercial : _bwzory francuskich listów handlowych z tłumaczeniami / _cIwona Kienzler. |
| 260 |
_aGdynia : _b"Ivax", _c1995. |
||
| 300 |
_a201 s. ; _c24 cm. |
||
| 650 | 9 |
_aHandel zagraniczny _xsłownictwo |
|
| 650 | 9 | _aJęzyk francuski | |
| 650 | 9 | _aKorespondencja handlowa | |
| 655 | _aPoradniki | ||
| 020 | _a8390089351 | ||
| 040 | _cBPK | ||
| 041 | 0 |
_afre _apol |
|
| 080 | _a811.133.1:339.56:651 | ||
| 920 | _a83-900893-5-1 | ||
| 942 | _cKS | ||
| 008 | s pl f |000 0 pol | ||
| 999 |
_c31772 _d31772 |
||
| 856 |
_uhttp://koha.tu.koszalin.pl/cgi-bin/koha/opac-detail.pl?biblionumber=31772 _yKatalog online BPK |
||